| 000 | 01892nam a22003137a 4500 | ||
|---|---|---|---|
| 001 | 4567 | ||
| 003 | FISKH | ||
| 005 | 20250307114539.0 | ||
| 008 | 240917b cb ||||| |||| 00| 0 eng d | ||
| 020 | _a9789996389344 | ||
| 040 |
_aFISKH _bKhmer _cFISKH _dFISKH |
||
| 050 | _aPZ7 | ||
| 082 | _a800 | ||
| 100 |
_aAnoymous _eauthor |
||
| 245 |
_aថាសមាស / _cby Anonymous |
||
| 250 | _aបោះពុម្ពឆ្នាំ២០១៥ | ||
| 260 |
_aភ្នំពេញ : _bអផ្សុក ; _c២០១៥ . |
||
| 300 |
_a12 pages : _bcolor illustrations ; _c22 cm . |
||
| 490 | _aនិទានអប់រំសម្រាប់កុមារ | ||
| 505 | _aG | ||
| 520 | _aនៅក្នុងផ្ទះតូចមួយមានស្រ្តីជរាក្រីក្រនិងចោស្រីម្នាក់ ។ ចោស្រីបានអោយយាយយកថាសចាស់ដើម្បីដូរយកកងដៃ ។ បុរសនោះដឹងថាវាមិនមែនជាថាសចាស់ទេ តែវាជាថាសមាសដែលមានតម្លៃមហាសាល ទើបឈ្មួញកំលោះដ៏ស្មោះត្រង់ ប្រគល់ទំនិញមួយរទេះជាការដោះដូរនឺងថាសមាសនោះ ។ | ||
| 520 | _aIn a small house there was a poor old woman and a grand daughter . Grand daughter asked Grandma to exchange the old tray for the bracelet. The merchant knew that it was not an old tray, but that it was a piece of jewelry of great value, so the merchant gives all his stuffs to grandma to exchange with the golden tray. | ||
| 521 | 8 |
_a380
_bLexile estimate |
|
| 521 | 8 |
_aG
_bRaz-Plus |
|
| 650 | _aទំនិញ | ||
| 650 | _astuffs | ||
| 942 |
_2ddc _cKHB _n0 |
||
| 999 |
_c4567 _d4567 |
||